Cricket Players by Photo - Statistics

General Stats
  • This quiz has been taken 501 times
  • The average score is 11 of 16
Answer Stats
Picture Answer % Correct
Virat Kohli
99%
Sachin Tendulkar
93%
Jasprit Bumrah
91%
Rashid Khan
91%
Kane Williamson
89%
Imran Khan
84%
Rishabh Pant
84%
Muttiah Muralitharan
77%
Ricky Ponting
75%
Brian Lara
71%
Donald Bradman
67%
Jacques Kallis
63%
Mithali Raj
41%
Jhulan Goswami
37%
Garfield Sobers
27%
Rachael Heyhoe-Flint
7%
No matching quizzes found
Score Distribution
Percent of People with Each Score
Percentile by Number Answered
Your Score History
You have not taken this quiz